[Event "Mittelrhein Verbandsliga West 1920"]
[Site "Mittelrhein"]
[Date "2020.01.19"]
[Round "5.7"]
[White "Krohn, Malte Till"]
[Black "Huppertz, Andrea"]
[Result "1/2-1/2"]
[WhiteElo "1851"]
[BlackElo "1695"]
[PlyCount "145"]
[EventDate "2019.09.29"]
[EventType "team-tourn"]
[EventRounds "9"]
[EventCountry "GER"]
[SourceTitle "EXT 2023"]
[Source "ChessBase"]
[SourceDate "2022.10.05"]
[SourceVersion "1"]
[SourceVersionDate "2022.10.05"]
[SourceQuality "1"]
[WhiteTeam "Aachen PTSV"]
[BlackTeam "Eschweiler SC"]
[WhiteTeamCountry "GER"]
[BlackTeamCountry "GER"]

1. d4 d5 2. Nf3 Nf6 3. c4 c6 4. Qc2 g6 5. g3 Bf5 6. Qb3 Qb6 7. Nc3 Qxb3 8. axb3 e6 9. c5 Nbd7 10. Bf4 Ne4 11. Nd2 Nxd2 12. Bxd2 Bg7 13. Be3 e5 14. dxe5 Bxe5 15. f4 Bg7 16. Na4 0-0 17. Bg2 Rfe8 18. Kd2 Nf6 19. Rhe1 Ng4 20. Bg1 d4 21. Bh3 Ne3 22. Bxf5 Nxf5 23. b4 Rad8 24. Ra3 Ne3 25. Bxe3 dxe3+ 26. Kc1 Rd4 27. Rd1 Rxb4 28. Rdd3 Rd4 29. Rxd4 Bxd4 30. Kc2 b5 31. Rd3 Re4 32. Nc3 Bxc3 33. Rxc3 a5 34. b3 a4 35. bxa4 bxa4 36. Kd3 f5 37. Rc4 a3 38. Rxe4 fxe4+ 39. Kc3 Kf7 40. Kb3 a2 41. Kxa2 Ke6 42. Kb3 Kd5 43. Kb4 h5 44. h3 Kd4 45. g4 h4 46. f5 gxf5 47. gxf5 Ke5 48. Ka5 Kxf5 49. Kb6 Kf4 50. Kxc6 Kg3 51. Kd5 Kf2 52. c6 Kxe2 53. c7 Kd2 54. c8Q e2 55. Kd4 e1Q 56. Qc3+ Kd1 57. Qxe1+ Kxe1 58. Kxe4 Ke2 59. Kf4 Kd3 60. Kg4 Ke4 61. Kxh4 Kf4 62. Kh5 Kf5 63. Kh6 Kf6 64. h4 Kf7 65. Kh7 Kf8 66. h5 Kf7 67. h6 Kf8 68. Kg6 Kg8 69. Kf6 Kh7 70. Kg5 Kh8 71. Kg6 Kg8 72. h7+ Kh8 73. Kh6 1/2-1/2

[Event "Mittelrhein Verbandsliga-W 18/19"]
[Site "Nordrheinwestfalen"]
[Date "2018.11.18"]
[Round "4.7"]
[White "Weischenberg, Juergen"]
[Black "Krohn, Malte Till"]
[Result "1-0"]
[WhiteElo "1767"]
[BlackElo "1843"]
[PlyCount "85"]
[EventDate "2018.09.02"]
[EventType "team-tourn"]
[EventRounds "11"]
[EventCountry "GER"]
[SourceTitle "EXT 2022"]
[Source "ChessBase"]
[SourceDate "2021.10.06"]
[SourceVersion "1"]
[SourceVersionDate "2021.10.06"]
[SourceQuality "1"]
[WhiteTeam "Brand SF"]
[BlackTeam "Aachen PTSV"]
[WhiteTeamCountry "GER"]
[BlackTeamCountry "GER"]

1. d4 d5 2. c4 c6 3. cxd5 cxd5 4. Bf4 Nc6 5. e3 Nf6 6. Nc3 Bf5 7. Qb3 Na5 8. Qa4+ Bd7 9. Bb5 Nc6 10. Qd1 Qa5 11. h3 a6 12. Bd3 Nb4 13. Bb1 Ne4 14. Nge2 Rc8 15. 0-0 Nxc3 16. Nxc3 g6 17. Qb3 Bb5 18. Nxb5 Qxb5 19. a3 Nc6 20. Qxb5 axb5 21. b4 Na7 22. Ba2 e6 23. Rfc1 Rxc1+ 24. Rxc1 Nc6 25. Bb1 Kd7 26. Bd3 Bd6 27. Bxd6 Kxd6 28. Bxb5 Ra8 29. Bxc6 bxc6 30. Rc3 e5 31. dxe5+ Kxe5 32. Kf1 f5 33. Ke2 d4 34. exd4+ Kxd4 35. Kd2 g5 36. Kc2 h5 37. Kb2 Re8 38. Rxc6 h4 39. f3 Ke3 40. b5 Re5 41. a4 Kf2 42. Rc2+ Kg3 43. b6 1-0

[Event "Mittelrhein Verbandsliga-W 18/19"]
[Site "Nordrheinwestfalen"]
[Date "2018.10.28"]
[Round "3.7"]
[White "Krohn, Malte Till"]
[Black "Morschel, Steffen"]
[Result "1-0"]
[WhiteElo "1843"]
[BlackElo "1741"]
[PlyCount "120"]
[EventDate "2018.09.02"]
[EventType "team-tourn"]
[EventRounds "11"]
[EventCountry "GER"]
[SourceTitle "EXT 2022"]
[Source "ChessBase"]
[SourceDate "2021.10.06"]
[SourceVersion "1"]
[SourceVersionDate "2021.10.06"]
[SourceQuality "1"]
[WhiteTeam "Aachen PTSV"]
[BlackTeam "Horrem"]
[WhiteTeamCountry "GER"]
[BlackTeamCountry "GER"]

1. d4 Nf6 2. c4 g6 3. Nf3 Bg7 4. g3 0-0 5. Bg2 d6 6. 0-0 Nbd7 7. Nc3 c5 8. e4 e5 9. dxe5 dxe5 10. Qe2 Qe7 11. Nd5 Nxd5 12. cxd5 a6 13. a4 b6 14. Be3 Bb7 15. Rfd1 Qd6 16. Nd2 a5 17. Qd3 Ba6 18. Nc4 Bxc4 19. Qxc4 Rfc8 20. Bh3 Rc7 21. Qb5 Nf6 22. f3 Ne8 23. Ra3 Rb8 24. Bd2 Qd8 25. Rb3 Nd6 26. Qa6 Rcb7 27. Qe2 Qe8 28. Ra3 Qe7 29. Bf1 h5 30. Qf2 Rf8 31. Re1 Kh7 32. Bd3 Qd7 33. g4 hxg4 34. Qh4+ Kg8 35. fxg4 f5 36. gxf5 gxf5 37. Ba6 Ra7 38. Bb5 Qf7 39. Rh3 Qg6+ 40. Kh1 Bf6 41. Rg3 Bxh4 42. Rxg6+ Kf7 43. Rxd6 Bxe1 44. Bxe1 fxe4 45. Rxb6 Rd8 46. Bc4 Kg7 47. Re6 Rf7 48. Rxe5 Rf4 49. Kg2 Kf6 50. Re6+ Kf5 51. Bg3 Rg8 52. Kh1 Rfg4 53. Be2 R4g5 54. Bf1 Rh8 55. Re5+ Kf6 56. Rxg5 Kxg5 57. Kg2 Kf5 58. b3 Kg4 59. Be2+ Kf5 60. Kf2 Rd8 1-0

[Event "Mittelrhein Verbandsliga-W 18/19"]
[Site "Nordrheinwestfalen"]
[Date "2018.09.30"]
[Round "2.6"]
[White "Krohn, Malte Till"]
[Black "Baldus, Alexander"]
[Result "0-1"]
[WhiteElo "1843"]
[BlackElo "1811"]
[PlyCount "100"]
[EventDate "2018.09.02"]
[EventType "team-tourn"]
[EventRounds "11"]
[EventCountry "GER"]
[SourceTitle "EXT 2022"]
[Source "ChessBase"]
[SourceDate "2021.10.06"]
[SourceVersion "1"]
[SourceVersionDate "2021.10.06"]
[SourceQuality "1"]
[WhiteTeam "Aachen PTSV"]
[BlackTeam "Pulheim"]
[WhiteTeamCountry "GER"]
[BlackTeamCountry "GER"]

1. d4 Nf6 2. c4 g6 3. Nf3 Bg7 4. g3 d6 5. Bg2 0-0 6. 0-0 c6 7. Nc3 Re8 8. e4 Nbd7 9. h3 e5 10. Be3 Qa5 11. a3 exd4 12. Nxd4 Ne5 13. Nb3 Qc7 14. c5 dxc5 15. Nxc5 b6 16. Nb3 Ba6 17. Re1 Nd3 18. Re2 Rad8 19. Nd4 c5 20. Ndb5 Qe7 21. Qa4 Bb7 22. Qxa7 Nxe4 23. Bxe4 Bxe4 24. Qxe7 Rxe7 25. Bg5 f6 26. Rxe4 Rxe4 27. Nxe4 fxg5 28. Rd1 Rd7 29. b3 h6 30. Ned6 Ne5 31. Rc1 Nd3 32. Rc2 Re7 33. Nc8 Re1+ 34. Kg2 Rb1 35. Kh2 Rxb3 36. Ncd6 Bf8 37. Re2 Bxd6 38. Nxd6 Rxa3 39. Re8+ Kg7 40. Nc4 Rb3 41. Re3 Nc1 42. Rxb3 Nxb3 43. Nxb6 Kf6 44. Kg2 Ke5 45. Kf3 Kd4 46. h4 gxh4 47. gxh4 Nd2+ 48. Kg4 Ne4 49. f3 Nf6+ 50. Kf4 Nd5+ 0-1

[Event "Mittelrhein Verbandsliga-W 17/18"]
[Site "Nordrheinwestfalen"]
[Date "2017.12.03"]
[Round "5.6"]
[White "Krohn, Malte Till"]
[Black "Spies, Ulrich"]
[Result "1/2-1/2"]
[WhiteElo "1846"]
[BlackElo "1857"]
[PlyCount "79"]
[EventDate "2017.09.10"]
[EventType "team-tourn"]
[EventRounds "11"]
[EventCountry "GER"]
[SourceTitle "EXT 2022"]
[Source "ChessBase"]
[SourceDate "2021.10.06"]
[SourceVersion "1"]
[SourceVersionDate "2021.10.06"]
[SourceQuality "1"]
[WhiteTeam "Aachen PTSV"]
[BlackTeam "Eschweiler SC"]
[WhiteTeamCountry "GER"]
[BlackTeamCountry "GER"]

1. d4 d5 2. Nf3 Nf6 3. c4 e6 4. g3 b6 5. Bg2 Bb7 6. Ne5 Bb4+ 7. Bd2 Bxd2+ 8. Nxd2 0-0 9. 0-0 Nbd7 10. Nxd7 Qxd7 11. Rc1 Rac8 12. Nf3 Rfd8 13. Ne5 Qe8 14. Qc2 c6 15. Qa4 a6 16. c5 b5 17. Qa5 Qe7 18. g4 Qc7 19. Qd2 Nd7 20. f4 f6 21. Nxd7 Rxd7 22. Bh3 Re7 23. g5 Rce8 24. gxf6 gxf6 25. Kh1 e5 26. Rg1+ Kh8 27. fxe5 fxe5 28. Qh6 Rg7 29. Qf6 Qe7 30. dxe5 Qxe5 31. Qxe5 Rxe5 32. Bg4 Reg5 33. Bh3 Rxg1+ 34. Rxg1 Re7 35. Bg4 a5 36. Rg3 b4 37. Kg1 Kg7 38. Kf2 Kf6 39. Rf3+ Kg7 40. Re3 1/2-1/2

[Event "Mittelrhein Verbandsliga-W 17/18"]
[Site "Nordrheinwestfalen"]
[Date "2017.11.12"]
[Round "4.8"]
[White "Schalt, Guideon"]
[Black "Krohn, Malte Till"]
[Result "1/2-1/2"]
[WhiteElo "1922"]
[BlackElo "1798"]
[PlyCount "51"]
[EventDate "2017.09.10"]
[EventType "team-tourn"]
[EventRounds "11"]
[EventCountry "GER"]
[SourceTitle "EXT 2022"]
[Source "ChessBase"]
[SourceDate "2021.10.06"]
[SourceVersion "1"]
[SourceVersionDate "2021.10.06"]
[SourceQuality "1"]
[WhiteTeam "Herzogenrath"]
[BlackTeam "Aachen PTSV"]
[WhiteTeamCountry "GER"]
[BlackTeamCountry "GER"]

1. d4 d5 2. Nf3 Nf6 3. c4 c6 4. Nc3 dxc4 5. a4 Bf5 6. e3 e6 7. Bxc4 Nbd7 8. 0-0 Bb4 9. Qe2 Bg6 10. Bd2 0-0 11. Rfd1 Bh5 12. e4 e5 13. d5 Qc7 14. Nb1 Bd6 15. dxc6 Qxc6 16. Bb5 Qc2 17. b4 Bxf3 18. Qxf3 Qc7 19. Na3 Rad8 20. Rac1 Qb8 21. a5 h6 22. Be1 a6 23. Ba4 b5 24. axb6 Nxb6 25. Bb3 Rc8 26. Rxc8 1/2-1/2

[Event "Cologne Longerich op-A 13th"]
[Site "Cologne"]
[Date "2016.08.13"]
[Round "2"]
[White "Krohn, Malte Till"]
[Black "Renner, Michael"]
[Result "1/2-1/2"]
[WhiteElo "1831"]
[BlackElo "1733"]
[PlyCount "48"]
[EventDate "2016.08.12"]
[EventType "swiss"]
[EventRounds "5"]
[EventCountry "GER"]
[SourceTitle "EXT 2022"]
[Source "ChessBase"]
[SourceDate "2021.10.06"]
[SourceVersion "1"]
[SourceVersionDate "2021.10.06"]
[SourceQuality "1"]

1. d4 c5 2. d5 d6 3. Nc3 Bf5 4. e4 Bg6 5. Nf3 Nf6 6. Nd2 Nfd7 7. Be2 e5 8. dxe6 fxe6 9. Bh5 Ne5 10. Bxg6+ Nxg6 11. Nc4 a6 12. a4 Nc6 13. 0-0 Be7 14. Qg4 d5 15. exd5 exd5 16. Nd2 d4 17. Nce4 0-0 18. Nf3 Qc8 19. Qh5 Qf5 20. Qxf5 Rxf5 21. Bd2 Rd8 22. a5 c4 23. Ra4 Rb5 24. Rxc4 Rxb2 1/2-1/2

[Event "Cologne Longerich op-A 13th"]
[Site "Cologne"]
[Date "2016.08.12"]
[Round "1"]
[White "Langner, Jasper"]
[Black "Krohn, Malte Till"]
[Result "1-0"]
[WhiteElo "1657"]
[BlackElo "1831"]
[PlyCount "59"]
[EventDate "2016.08.12"]
[EventType "swiss"]
[EventRounds "5"]
[EventCountry "GER"]
[SourceTitle "EXT 2022"]
[Source "ChessBase"]
[SourceDate "2021.10.06"]
[SourceVersion "1"]
[SourceVersionDate "2021.10.06"]
[SourceQuality "1"]

1. d4 d5 2. Nf3 Nf6 3. Bf4 Bf5 4. e3 e6 5. Nbd2 c5 6. h3 cxd4 7. Nxd4 Bg6 8. Be2 Nc6 9. Nxc6 bxc6 10. Nf3 Nd7 11. 0-0 Be7 12. c4 0-0 13. Qd2 Qb6 14. Ne5 Nxe5 15. Bxe5 f6 16. Bc3 Bf7 17. cxd5 cxd5 18. Ba5 Qb7 19. Rfc1 Rfc8 20. Rxc8+ Rxc8 21. Rc1 e5 22. Rxc8+ Qxc8 23. Qc3 Qf8 24. b4 d4 25. exd4 Bxa2 26. Bc4+ Bxc4 27. Qxc4+ Qf7 28. d5 Bd6 29. Qc8+ Bf8 30. d6 1-0